000
00319 a2200157 4500
001
188323
020
_a
040
_c
Magnum
100
_a
Neves, Elza Aguiar
240
1
0
_a
Sinfonia viva
_l
por
245
1
0
_a
Sinfonia viva
300
_a
22
362
0
_a
2005
697
_a
LITERATURA INFANTO-JUVENIL
942
_c
BK
999
_c
188323
_d
188323